| 000 | 00432nam a2200157 4500 | ||
|---|---|---|---|
| 001 | 127207 | ||
| 003 | ES-MaACL | ||
| 005 | 20230906192949.0 | ||
| 007 | t| | ||
| 008 | 070214n19101919fr r ||||1| fre d | ||
| 100 | 1 |
_aReymond, Marcel. _996604 |
|
| 245 | 1 | 4 |
_aLes maitres de l'art _b: le Bernin / _cMarcel Reymond. |
| 260 |
_aParis : _bPlon-Nourrit, _c[191_?] |
||
| 300 |
_a202 p., 24 lám. ; _c21 cm. |
||
| 852 |
_aES-MaACL _jF-7025 |
||
| 999 |
_c127207 _d127207 |
||